Statystyki dla 15 krajów o największej liczbie zgonów Covid19 - 19 stycznia 2022

Kliknij tutaj aby rozwiązać quiz!

Ogólne statystyki

  • Ten quiz został rozwiązany 55 razy
  • Średni wynik to 12 z 27

Statystyki odpowiedzi

kraj% Poprawnych
Niemcy
92%
Rosja
92%
Stany Zjednoczone
86%
Polska
84%
Francja
82%
Włochy
80%
Brazylia
69%
Wielka Brytania
69%
Indie
65%
Argentyna
51%
Meksyk
51%
Peru
33%
Czechy
31%
Iran
31%
Kolumbia
31%
Indonezja
27%
Słowacja
27%
Węgry
27%
Litwa
25%
Rumunia
24%
Bułgaria
20%
Słowenia
16%
Chorwacja
12%
Bośnia i Hercegowina
10%
Armenia
6%
Gruzja
6%
Macedonia Północna
4%

Rozkład punktacji

Percentyl według liczby udzielonych odpowiedzi

Procent ludzi z każdym wynikiem

Twoja historia wyników

Nie rozwiązałeś tego quizu